Las dos fuentes de la moral y de la religión / (Record no. 185831)

MARC details
000 -LEADER
campo de control de longitud fija 00950nam a2200277 i 4500
001 - NÚMERO DE CONTROL
campo de control 185831
003 - IDENTIFICADOR DE NÚMERO DE CONTROL
campo de control SpMaBN
005 - FECHA Y HORA DE LA ÚLTIMA TRANSACCIÓN
campo de control 20250829112026.0
008 - DATOS DE LONGITUD FIJA--INFORMACIÓN GENERAL
campo de control de longitud fija 160812s1990 mx |||| |dspa d
020 ## - NÚMERO INTERNACIONAL ESTÁNDAR DEL LIBRO
Número Internacional Estándar del Libro 968-452-398-X
080 ## - NÚMERO DE LA CLASIFICACIÓN DECIMAL UNIVERSAL
Número de la Clasificación Decimal Universal 17
080 ## - NÚMERO DE LA CLASIFICACIÓN DECIMAL UNIVERSAL
Número de la Clasificación Decimal Universal 21
100 1# - ENTRADA PRINCIPAL--NOMBRE DE PERSONA
Nombre de persona Bergson, Henri.
9 (RLIN) 28013
245 14 - MENCIÓN DEL TÍTULO
Título Las dos fuentes de la moral y de la religión /
Mención de responsabilidad, etc. Henri Bergson ; introducción de John M. Oesterreicher ; [traducción de Miguel González Fernández].
250 ## - MENCION DE EDICION
Mención de edición 1ª ed. en la Colección "Sepan cuantos...".
260 ## - PUBLICACIÓN, DISTRIBUCIÓN, ETC.
Lugar de publicación, distribución, etc. México :
Nombre del editor, distribuidor, etc. Porrúa,
Fecha de publicación, distribución, etc. 1990.
300 ## - DESCRIPCIÓN FÍSICA
Extensión LIII, 183 p. ;
Dimensiones 22 cm.
490 1# - MENCIÓN DE SERIE
Mención de serie "Sepan cuantos..." ;
Designación de volumen o secuencia 590
500 ## - NOTA GENERAL
Nota general Cronología.
650 #7 - PUNTO DE ACCESO ADICIONAL DE MATERIA--TÉRMINO DE MATERIA
Término de materia o nombre geográfico como elemento de entrada Ética
Fuente del encabezamiento o término embne
9 (RLIN) 12577
650 #4 - PUNTO DE ACCESO ADICIONAL DE MATERIA--TÉRMINO DE MATERIA
Término de materia o nombre geográfico como elemento de entrada Religión-
Subdivisión general Filosofía
9 (RLIN) 16799
700 1# - ENTRADA AGREGADA--NOMBRE PERSONAL
Nombre de persona Oesterreicher, John M.
9 (RLIN) 86554
830 00 - PUNTO DE ACCESO ADICIONAL DE SERIE-TÍTULO UNIFORME
Título uniforme Sepan cuantos_
Designación de volumen o secuencia 590
9 (RLIN) 180801
852 ## - LOCALIZACIÓN
Ubicación ES-MaACL
Número de control de estantería L-30548
Nota libre . - Donat. Miguel A. Velasco
Holdings
Estatus retirado Estado de pérdida Estado de daño No para préstamo Biblioteca de origen Biblioteca actual Ubicación en estantería Fecha de adquisición Fuente de adquisición Total de préstamos Signatura topográfica completa Código de barras Visto por última vez Precio de reemplazo Tipo de ítem Koha
        Biblioteca del Ateneo de Madrid Biblioteca del Ateneo de Madrid Depósito 2 12/08/2016     L-30548 1195889 23/02/2023 23/02/2023 Libro impreso